Colombia años 60, siglo XX.
Salvato in:
| Autore principale: | |
|---|---|
| Natura: | Capitolo di libro |
| Lingua: | spagnolo |
| Soggetti: | |
| Tags: |
Nessun Tag, puoi essere il primo ad aggiungerne!!
|
MARC
| LEADER | 00000naa$a2200000$$$4500 | ||
|---|---|---|---|
| 001 | 0254391 | ||
| 005 | 20240502083726.7 | ||
| 041 | 0 | |a spa | |
| 044 | |a HU | ||
| 245 | 1 | 0 | |a Colombia años 60, siglo XX. |c Diana Patricia Varela Cano |
| 610 | 2 | 0 | |a Kolumbia |
| 610 | 2 | 0 | |a štát |
| 610 | 2 | 0 | |a cirkev |
| 610 | 2 | 0 | |a náboženstvo |
| 610 | 2 | 0 | |a politika |
| 610 | 2 | 0 | |a konflikty |
| 100 | 1 | |a Varela Cano, Diana Patricia, 1964- | |